000 00640cam a2200181 4500
001 WB3710-15
008 000000n2000 000 0 eng u
035 _a(Sirsi) u110145
245 _aHousing deal to net Dome buyer millions
260 _c2000
490 _aTimes
_v29 December 2000, 1&12(3)
520 _aMillionaire property developer Robert Bourne, who offered £125m for the Millennium Dome structure and its surrounding 48-acre site, has been chosen to take control of the Greenwich site in February 2001.
590 _aWB
650 _aMILLENNIUM DOME
650 _aGREENWICH
690 _aHOUSING-DEVELOPMENT
942 _n0
999 _c65682
_d65682